000 00585nam a2200205Ia 4500
003 OSt
005 20230316163510.0
008 210423s2005 xx 000 0 und d
020 _a761934286
040 _cAL
041 _aeng
082 _a302.23
_223
_bBELB
100 _aBEL (Bernard);others,Ed.
_943149
245 _aCommunication processes V1: media and mediation.
260 _aNew Delhi
_bSage Publications
_c2005
300 _a474
_bPB
365 _b795
_cINR
906 _a1: ; communication ; Media ; mediation. ; mediation: ; processes ; processes.
942 _2ddc
_cBK
999 _c155555
_d155555